000 00399nam a22001577a 4500
999 _c5343
_d5341
005 20210714110854.0
008 170330b xxu||||| |||| 00| 0 eng d
020 _a978-81-203-0777-3
041 _aeng
100 _aPATTERSON,DANW
_93708
245 _aINTRODUCTION TO ARTIFICIAL INTELLIGENCE AND EXPERT SYSTEM
260 _bPHI LEARNING
_c1980
300 _a275
650 _aIT
_93680
942 _cBK